书目信息 |
| 题名: |
机器人技术及其空间应用
|
|
| 作者: | 陶建国 , 徐文福 , 丁亮 编著 | |
| 分册: | ||
| 出版信息: | 哈尔滨 哈尔滨工业大学出版社 2020.06 |
|
| 页数: | 344页 | |
| 开本: | 24cm | |
| 丛书名: | 航天先进技术研究与应用系列 | |
| 单 册: | ||
| 中图分类: | TP242.3 | |
| 科图分类: | ||
| 主题词: | 空间机器人--kong jian ji qi ren--机器人技术--研究 | |
| 电子资源: | ||
| ISBN: | 978-7-5603-8307-1 | |
| 000 | 01526nam 2200313 450 | |
| 001 | 2253748345 | |
| 005 | 20221004145618.89 | |
| 010 | @a978-7-5603-8307-1@dCNY128.00 | |
| 100 | @a20200928d2020 em y0chiy50 ea | |
| 101 | 0 | @achi |
| 102 | @aCN@b230000 | |
| 105 | @aa a 001yy | |
| 200 | 1 | @a机器人技术及其空间应用@Aji qi ren ji shu ji qi kong jian ying yong@d= Robotics and its application in aerospace@f陶建国, 徐文福, 丁亮编著@zeng |
| 210 | @a哈尔滨@c哈尔滨工业大学出版社@d2020.06 | |
| 215 | @a344页@c图@d24cm | |
| 225 | 2 | @a航天先进技术研究与应用系列@Ahang tian xian jin ji shu yan jiu yu ying yong xi lie |
| 300 | @a“十三五”国家重点出版物出版规划项目 国之重器出版工程 国防现代化建设 国家出版基金项目 | |
| 314 | @a陶建国, 哈尔滨工业大学教授, 博士生导师, 空间光学与空间机电专业委员会委员。徐文福, 哈尔滨工业大学教授, 博士生导师。丁亮, 哈尔滨工业大学教授, 博士生导师。 | |
| 320 | @a有书目和索引 | |
| 330 | @a本书针对未来机器人的发展趋势及其在空间中的应用前景, 以空间机械臂和星球探测机器人为对象, 阐述了操作机器人和移动机器人系统的体系结构建立。该书共分10章, 内容包括: 绪论 ; 机器人的机械结构设计 ; 机器人学的数学基础等。 | |
| 410 | 0 | @12001 @a航天先进技术研究与应用系列 |
| 510 | 1 | @aRobotics and its application in aerospace@zeng |
| 606 | 0 | @a空间机器人@Akong jian ji qi ren@x机器人技术@x研究 |
| 690 | @aTP242.3@v5 | |
| 701 | 0 | @a陶建国@Atao jian guo@4编著 |
| 701 | 0 | @a徐文福@Axu wen fu@4编著 |
| 701 | 0 | @a丁亮@Ading liang@4编著 |
| 801 | 0 | @aCN@b人天书店@c20200928 |
| 905 | @aZUCC@dTP242.3@e7 | |
| 机器人技术及其空间应用= Robotics and its application in aerospace/陶建国, 徐文福, 丁亮编著.-哈尔滨:哈尔滨工业大学出版社,2020.06 |
| 344页:图;24cm.-(航天先进技术研究与应用系列) |
| “十三五”国家重点出版物出版规划项目 国之重器出版工程 国防现代化建设 国家出版基金项目 |
| ISBN 978-7-5603-8307-1:CNY128.00 |
| 本书针对未来机器人的发展趋势及其在空间中的应用前景, 以空间机械臂和星球探测机器人为对象, 阐述了操作机器人和移动机器人系统的体系结构建立。该书共分10章, 内容包括: 绪论 ; 机器人的机械结构设计 ; 机器人学的数学基础等。 |
| ● |
| 相关链接 |
|
|
|
正题名:机器人技术及其空间应用
索取号:TP242.3/7
 
预约/预借
| 序号 | 登录号 | 条形码 | 馆藏地/架位号 | 状态 | 备注 |
| 1 | 2000911078 | 2000911078 | 第三书库/ [索取号:TP242.3/7] | 在馆 | |
| 2 | 2000911079 | 2000911079 | 第三书库/ [索取号:TP242.3/7] | 在馆 | |
| 3 | 2000911080 | 2000911080 | 第三书库/ [索取号:TP242.3/7] | 在馆 |